000 00900 a2200205 4500
001 29770
005 20260407155608.0
008 260407a1950 arg spa d
003 AR-UNSa-BCEJYS
040 _aAR-UNSa-BCEJYS
_bspa
_cAR-UNSa-BCEJYS
080 _a657.36
_xBalances de comprobación (balance estimativo). Balances de saldo. Balance intermedio
245 1 0 _aEl balance mensual de resultados
250 _a5a.ed
264 1 _aBuenos Aires :
_bSelección Contable
_c1950
300 _a155 p.
_c20 cm.
505 _a1. Fundamentos - 2. La cuenta mercaderias - 3. El sistema del inventario permanente - 4. Aplicación del sistema de la permanencia de inventario - 5. Operaciones de balance - 6. Control de cuentas - 7. Ajustes - 8. El Balance - 9. Estado de pérdidas y ganancias - 10. Análisis.
942 _cBK
590 _aniveau_biblio:m niveau_hierar:0
100 1 _aCholvis, Francisco
999 _c1954
_d1954